1069 1455 1135 1247 1176 1005 1430 1863 1291 1848 1574 1677 1001 1726 1015 1483 1446 1909 1553 1609 1195 1282 1241 1003 1575 1546 1025 1253 1554 1770 1793 1656 1190 1821 1721 1474 1044 1542 1902 1819 1396 1626 1588 1448 1857 1712 1470 1889 1932 1404 1139 1568 1635 1470 1656 1012 1654 1474 1517 1383 1139 1022 1463 1270 1621 1046 1553 1945 1726 1724 1704 1433 1375 1600 1829 1264 1078 1577 1199 1936 1521 1581 1597 1261 1941 1703 1722 1001 1043 1988 1585 1840 1540 1204 1263 1559 1121 1859 1665 BCNSPRNW ULIB Ver.6.0+V

เปลี่ยนเป็นภาษาไทย

Change to English
 แสดงรายละเอียดบรรณานุกรม
  กลับหน้าหลัก

Brief Record : Get Marc (ISO 2709) : E-mail record : QR code < ปิดหน้าต่าง
LEADER : 00000nam 2200000uu 4500
001    13399109043
003     ULIB
008    110320s2545||||th 000 0 tha d
020    9749021738 (pbk.)
020    9789749021736 (pbk.)
060 04 WX158^bว435ก 2545
100 0  วันเพ็ญ พิชิตพรชัย
245 10 การวางแผนจำหน่ายผู้ป่วย :^bแนวคิดและการประยุกต์ใช้ /^cวันเพ็ญ พิชิตพรชัยและอุษาวดี อัศดรวิเศษ
250    พิมพ์ครั้งที่ 1
260    กรุงเทพฯ :^bคณะพยาบาลศาสตร์ มหาวิทยาลัยมหิดล,^c2545
300    107, [2] หน้า ;^c26 ซม.
650  2 Patient Discharge
650  7 ผู้ป่วย, การจำหน่ายออกจากโรงพยาบาล
700 0  อุษาวดี อัศดรวิเศษ
710 2  มหาวิทยาลัยมหิดล. ^bคณะพยาบาลศาสตร์
945    ^p70^l0^i017147
945    ^p70^l0^i017146
945    ^p70^l0^i015398
945    ^p70^l0^i015397
945    ^p70^l0^i015396
995    เกษร
999 ^a ใช้งานได้ทุกระบบ
รายการนี้ยังไม่มีแท็ก
คุณยังไม่ได้ล็อกอิน คุณสามารถมีกิจกรรมร่วมกับเว็บไซต์ได้ แต่ต้องล็อกอินก่อน ::
  ล็อกอิน

รายการสื่อสารสนเทศ

ลำดับที่ ประเภท เลขเรียก/บาร์โค้ด สถานที่ สถานะ
- ไม่พบข้อมูล -

รายการใกล้เคียง
    ผู้แต่ง [วันเพ็ญ พิชิตพรชัย]

    หัวเรื่อง [Patient Discharge]
    หัวเรื่อง [ผู้ป่วย, การจำหน่ายออกจากโรงพยาบาล]

BibComment


ยังไม่เคยถูกคอมเมนท์

คอมเมนท์ทรัพยากรรายการนี้
  คอมเมนท์: การวางแผนจำหน่ายผ..


 Copyright 2026. Bcnsprnw @Library